Middlesex A-Z - Statistics

General Stats
  • This quiz has been taken 48 times
    6 since last reset
  • The average score is 23 of 26
Answer Stats
Hint Answer % Correct
A Road that four Liverpudlians famously crossed Abbey Road
100%
B London residence of Charles III Buckingham Palace
100%
C Football club Chelsea
100%
G 1666 event Great Fire of London
100%
H Airport Heathrow Airport
100%
F Nursery rhyme London Bridge Is {Falling} {Down}
100%
I London borough Islington
100%
E Landmark that opened in 2000 London {Eye}
100%
M The most expensive property square in Monopoly Mayfair
100%
Q Football club Queen's Park Rangers
100%
R Famous West End shopping street Regent Street
100%
S Cathedral designed by Christopher Wren St Paul's Cathedral
100%
T Major river Thames
100%
J What can be found at the Tower of London The Crown {Jewels}
100%
U Metro system began in the 1860s Underground
100%
W City and borough home to a palace and an abbey Westminster
100%
D Peninsula Isle of {Dogs}
80%
K Criminal twins from Haggerston Krays
80%
L City founded by the Romans in the 40s AD Londinium
80%
N Area home to a Caribbean carnival Notting Hill
80%
P Diarist who witnessed G Samuel Pepys
80%
Z Popular chain whose first restaurant opened in Chiswick Zizzi
80%
O Court known for hearing the most serious criminal cases Old Bailey
60%
V Arts and design museum V&A
60%
Y Tower of London guards popularly known as Beefeaters {Yeoman} Warders
60%
X Handel opera composed and performed in London (hint: Persian) Xerxes
40%
No matching quizzes found
Score Distribution
Percent of People with Each Score
Percentile by Number Answered
Your Score History
You have not taken this quiz since the last reset